[Event "BOL-ch"]
[Site "Santa Cruz"]
[Date "2025.04.02"]
[Round "3"]
[White "Claure Verastegui, Rene David"]
[Black "Ticona Rocabado, Licael Roderick"]
[Result "0-1"]
[WhiteElo "2080"]
[BlackElo "2353"]
[PlyCount "138"]
[EventDate "2025.04.01"]
[EventType "tourn"]
[EventRounds "9"]
[EventCountry "BOL"]
[SourceTitle "CB18_2025"]
[SourceDate "2025.04.30"]
[SourceVersion "1"]
[SourceVersionDate "2025.04.30"]
[SourceQuality "1"]

1. e4 e5 2. Nf3 Nc6 3. Bc4 Bc5 4. 0-0 Nf6 5. d3 0-0 6. c3 d6 7. h3 a6 8. a4 h6 9. Re1 Be6 10. Nbd2 Qd7 11. Nf1 Ne7 12. Ng3 Ng6 13. Bxe6 fxe6 14. b4 Ba7 15. Be3 Bxe3 16. fxe3 d5 17. d4 Nxe4 18. Nxe4 dxe4 19. Nxe5 Nxe5 20. dxe5 Rad8 21. Qxd7 Rxd7 22. Rad1 Rfd8 23. Rd4 Rd5 24. Red1 b5 25. axb5 axb5 26. Ra1 Rc8 27. Rxe4 Rd3 28. c4 bxc4 29. Rxc4 Rxe3 30. Ra5 Rb8 31. Kh2 Rb7 32. Rac5 Rb3 33. Rxc7 Rxc7 34. Rxc7 Rxb4 35. Re7 Rb6 36. Kg3 Kf8 37. Rc7 Rb5 38. Kf4 Rb4+ 39. Kf3 Rb3+ 40. Kf4 Rb2 41. g3 Rf2+ 42. Ke4 Re2+ 43. Kd4 Rg2 44. Rc3 Kf7 45. Ke4 Re2+ 46. Re3 Rxe3+ 47. Kxe3 Kg6 48. Kf4 Kh5 49. h4 g6 50. Kf3 g5 51. hxg5 hxg5 52. Kf2 Kg4 53. Kg2 Kf5 54. Kf3 Kxe5 55. Ke3 g4 56. Kd3 Kd5 57. Ke3 e5 58. Kd3 e4+ 59. Kc3 Kc5 60. Kd2 Kd4 61. Ke2 e3 62. Ke1 e2 63. Kxe2 Ke4 64. Kf2 Kd3 65. Kf1 Ke3 66. Kg1 Kf3 67. Kh1 Kxg3 68. Kg1 Kh3 69. Kh1 g3 0-1

[Event "BOL-ch"]
[Site "Santa Cruz"]
[Date "2025.04.01"]
[Round "1"]
[White "Tapia, Mauricio"]
[Black "Claure Verastegui, Rene David"]
[Result "1-0"]
[WhiteElo "1894"]
[BlackElo "2080"]
[PlyCount "123"]
[EventDate "2025.04.01"]
[EventType "tourn"]
[EventRounds "9"]
[EventCountry "BOL"]
[SourceTitle "CB18_2025"]
[SourceDate "2025.04.30"]
[SourceVersion "1"]
[SourceVersionDate "2025.04.30"]
[SourceQuality "1"]

1. d4 d5 2. c4 e6 3. Nf3 h6 4. Nc3 Nf6 5. e3 a6 6. a3 dxc4 7. Bxc4 b5 8. Be2 Bb7 9. Qc2 Nbd7 10. 0-0 c5 11. Rd1 Qc7 12. Bd2 Bd6 13. Rac1 0-0 14. h3 Rac8 15. Qb1 Qb8 16. b4 cxb4 17. axb4 Rfe8 18. e4 e5 19. d5 Nb6 20. Be1 Rc7 21. Nd2 Qd8 22. f3 Qe7 23. Bf2 Nbd7 24. Na2 Rxc1 25. Rxc1 Nh5 26. Bf1 Nf4 27. g3 Qg5 28. h4 Qg6 29. Kh2 Qf6 30. Nb3 Ng6 31. Qd3 Rc8 32. Nc5 Rc7 33. Bh3 Ndf8 34. Rc3 Ne7 35. Nc1 g5 36. h5 Kg7 37. N1b3 Ng8 38. Nxb7 Rxb7 39. Rc6 Qe7 40. Nc5 Rc7 41. Nxa6 Rxc6 42. dxc6 Nf6 43. Bc5 Bxc5 44. Nxc5 Nxh5 45. Qxb5 Qd6 46. Nd3 Ng6 47. Qd5 Qb8 48. Qc5 Qd8 49. Nf2 Qf6 50. Bf5 Ne7 51. c7 Nf4 52. gxf4 gxf4 53. c8Q Nxc8 54. Bxc8 Qh4+ 55. Kg2 Qg3+ 56. Kf1 Qxf3 57. Qxe5+ Kg8 58. Bg4 Qe3 59. Qf5 Qd2 60. Bh5 Qc1+ 61. Kg2 Qc7 62. Qxf7+ 1-0

[Event "Titled Tuesday intern op 21st Jan Late"]
[Site "Chess.com INT"]
[Date "2025.01.21"]
[Round "2"]
[White "Claure Verastegui, Rene David"]
[Black "Przybylski, Bartosz1"]
[Result "0-1"]
[WhiteElo "2095"]
[BlackElo "2090"]
[PlyCount "82"]
[EventDate "2025.01.21"]
[EventType "swiss (blitz)"]
[EventRounds "11"]
[EventCountry "USA"]
[SourceTitle "CB05_2025"]
[SourceDate "2025.01.29"]
[SourceVersion "1"]
[SourceVersionDate "2025.01.29"]
[SourceQuality "1"]

1. b3 d6 2. Bb2 Bg4 3. g3 Nf6 4. Bg2 c6 5. d4 Nbd7 6. Nf3 g6 7. 0-0 Bg7 8. Nbd2 0-0 9. h3 Bxf3 10. Nxf3 Re8 11. Re1 e5 12. e4 exd4 13. Nxd4 Qc7 14. Qd2 Rad8 15. Rad1 Nc5 16. f3 d5 17. exd5 Nxd5 18. f4 Qb6 19. Qf2 Rxe1+ 20. Rxe1 Nf6 21. Kh2 h5 22. Qe2 Re8 23. Qf1 Rd8 24. f5 g5 25. Nf3 g4 26. Ng5 Qc7 27. Qc4 b6 28. h4 Rd2 29. Bc1 Rd8 30. b4 Nb7 31. Bf4 Nd6 32. Qxc6 Qxc6 33. Bxc6 Nxf5 34. c4 Rc8 35. b5 Nd4 36. Bd5 Nxd5 37. cxd5 f6 38. Re7 fxg5 39. hxg5 Nf3+ 40. Kg2 Rc2+ 41. Kf1 Bd4 0-1

[Event "Titled Tuesday intern op 21st Jan Late"]
[Site "Chess.com INT"]
[Date "2025.01.21"]
[Round "4"]
[White "Kohler, Aran"]
[Black "Claure Verastegui, Rene David"]
[Result "1-0"]
[WhiteElo "2060"]
[BlackElo "2095"]
[PlyCount "49"]
[EventDate "2025.01.21"]
[EventType "swiss (blitz)"]
[EventRounds "11"]
[EventCountry "USA"]
[SourceTitle "CB05_2025"]
[SourceDate "2025.01.29"]
[SourceVersion "1"]
[SourceVersionDate "2025.01.29"]
[SourceQuality "1"]

1. d4 Nc6 2. Nf3 Nf6 3. d5 Nb8 4. c4 e6 5. Nc3 Bc5 6. Bf4 0-0 7. e3 d6 8. dxe6 Bxe6 9. h3 Re8 10. Bd3 Nc6 11. 0-0 d5 12. cxd5 Nxd5 13. Nxd5 Bxd5 14. Rc1 Bb6 15. Ng5 g6 16. Nxh7 Kxh7 17. Qh5+ Kg8 18. Bxg6 fxg6 19. Qxg6+ Kh8 20. Qh6+ Kg8 21. Qg6+ Kh8 22. Bg5 Re6 23. Qh5+ Kg8 24. Bxd8 Rxd8 25. Rxc6 1-0

[Event "Titled Tuesday intern op 21st Jan Late"]
[Site "Chess.com INT"]
[Date "2025.01.21"]
[Round "3"]
[White "Parizek, Vojtech"]
[Black "Claure Verastegui, Rene David"]
[Result "1-0"]
[WhiteElo "2178"]
[BlackElo "2095"]
[PlyCount "99"]
[EventDate "2025.01.21"]
[EventType "swiss (blitz)"]
[EventRounds "11"]
[EventCountry "USA"]
[SourceTitle "CB05_2025"]
[SourceDate "2025.01.29"]
[SourceVersion "1"]
[SourceVersionDate "2025.01.29"]
[SourceQuality "1"]

1. e4 Nc6 2. Nf3 e5 3. Bb5 d6 4. 0-0 Nf6 5. Re1 Be7 6. c3 0-0 7. d4 Bg4 8. d5 Nb8 9. Bd3 Nbd7 10. Nbd2 c6 11. c4 a6 12. Nf1 Nc5 13. Bc2 cxd5 14. cxd5 a5 15. Ng3 Nfd7 16. h3 Bxf3 17. Qxf3 g6 18. Bh6 Re8 19. Nf5 Nf6 20. Nxe7+ Qxe7 21. Bg5 Kg7 22. g4 h6 23. Bxh6+ Kxh6 24. g5+ Kg7 25. gxf6+ Qxf6 26. Qxf6+ Kxf6 27. Reb1 Rh8 28. Kg2 Rh4 29. b4 axb4 30. Rxb4 Ke7 31. Kg3 Rah8 32. Rh1 f5 33. f3 Rf4 34. a3 Ra8 35. exf5 gxf5 36. Rxf4 exf4+ 37. Kxf4 Rxa3 38. Re1+ Kf6 39. Bxf5 b5 40. Re8 b4 41. Rd8 Ke7 42. Rb8 b3 43. h4 Ra1 44. h5 Rh1 45. Kg5 Rh2 46. h6 b2 47. h7 Rg2+ 48. Kf4 Rh2 49. h8Q Rxh8 50. Rxh8 1-0

[Event "Titled Tuesday intern op 21st Jan Late"]
[Site "Chess.com INT"]
[Date "2025.01.21"]
[Round "1"]
[White "Toktomushev, Teimur"]
[Black "Claure Verastegui, Rene David"]
[Result "1-0"]
[WhiteElo "2262"]
[BlackElo "2095"]
[PlyCount "123"]
[EventDate "2025.01.21"]
[EventType "swiss (blitz)"]
[EventRounds "11"]
[EventCountry "USA"]
[SourceTitle "CB05_2025"]
[SourceDate "2025.01.29"]
[SourceVersion "1"]
[SourceVersionDate "2025.01.29"]
[SourceQuality "1"]

1. d4 Nc6 2. Nf3 Nf6 3. d5 Nb8 4. c4 e6 5. Nc3 Bc5 6. g3 0-0 7. Bg2 d6 8. 0-0 a5 9. Ne1 exd5 10. cxd5 Re8 11. Nd3 Bb6 12. h3 Nbd7 13. Kh2 Nc5 14. Nxc5 Bxc5 15. e4 b6 16. f4 Ba6 17. Rh1 Qe7 18. Qf3 Rad8 19. Bd2 Bb7 20. Rhe1 Nd7 21. a3 c6 22. dxc6 Bxc6 23. Rad1 Nf6 24. Be3 Qb7 25. Bxc5 bxc5 26. Qe2 Nxe4 27. Nxe4 Bxe4 28. Bxe4 d5 29. Qd2 g6 30. Bg2 Qb3 31. Rxe8+ Rxe8 32. Bxd5 Qb5 33. Bg2 Re2 34. Qd8+ Kg7 35. Qd3 Qxb2 36. Qf3 Rf2 37. Qd5 h5 38. Qe5+ Qxe5 39. fxe5 Ra2 40. Rc1 Rxa3 41. Rxc5 Ra2 42. Rc7 Kf8 43. Ra7 a4 44. h4 Re2 45. Rxa4 Rxe5 46. Ra8+ Kg7 47. Ra7 Re2 48. Kh3 Rd2 49. Kh2 Re2 50. Kg1 Rd2 51. Be4 Rd1+ 52. Kf2 Rd2+ 53. Kf3 Rd1 54. Kf4 Kh6 55. Rxf7 Rf1+ 56. Bf3 Rf2 57. Ra7 Rb2 58. Ra6 Kg7 59. Be4 Rf2+ 60. Ke3 Rf6 61. Rxf6 Kxf6 62. Kf4 1-0

[Event "South America-ch U20 19th"]
[Site "Santa Cruz de la Sierra"]
[Date "2024.09.02"]
[Round "9"]
[White "Miranda Camus, Joaquin Ignacio"]
[Black "Claure Verastegui, Rene David"]
[Result "1-0"]
[WhiteElo "2063"]
[BlackElo "2007"]
[PlyCount "117"]
[EventDate "2024.08.28"]
[EventType "swiss"]
[EventRounds "9"]
[EventCountry "BOL"]
[SourceTitle "EXT 2025"]
[Source "ChessBase"]
[SourceDate "2024.10.14"]
[SourceVersion "1"]
[SourceVersionDate "2024.10.14"]
[SourceQuality "1"]

1. d4 d5 2. Bf4 c5 3. e3 Nc6 4. c3 Bf5 5. Nf3 Qb6 6. Qb3 c4 7. Qxb6 axb6 8. Na3 e6 9. Nb5 Ra5 10. Nd6+ Bxd6 11. Bxd6 Kd7 12. Bf8 Nge7 13. Bxg7 Rg8 14. Ne5+ Nxe5 15. Bxe5 Nc6 16. a3 Nxe5 17. dxe5 Kc6 18. Kd2 Rb5 19. b4 cxb3 20. Bxb5+ Kxb5 21. g3 Kc4 22. f3 Ra8 23. g4 Bd3 24. h4 h6 25. h5 b2 26. Ra2 b1Q 27. Rxb1 Bxb1 28. Rb2 Bh7 29. Rxb6 Ra7 30. Rb4+ Kc5 31. a4 b6 32. Rb5+ Kc6 33. Rb4 Ra8 34. Rf4 f5 35. exf6 e5 36. Rb4 Rf8 37. f4 Rxf6 38. fxe5 Rf2+ 39. Ke1 Rc2 40. Rf4 Rxc3 41. Rf6+ Kc5 42. Rxh6 Bc2 43. Kd2 Rc4 44. g5 Bxa4 45. g6 Rg4 46. Rh8 Bd7 47. Rd8 Bf5 48. Rg8 Rg2+ 49. Kc1 Be6 50. Rg7 Bf5 51. Rb7 Kb5 52. g7 Be6 53. Re7 Bf5 54. h6 Rg6 55. Kd2 Kc4 56. Rc7+ Kb3 57. e6 Bxe6 58. h7 Rg2+ 59. Ke1 1-0

[Event "South America-ch U20 19th"]
[Site "Santa Cruz de la Sierra"]
[Date "2024.08.31"]
[Round "6"]
[White "Ticona Rocabado, Licael Roderick"]
[Black "Claure Verastegui, Rene David"]
[Result "0-1"]
[WhiteElo "2342"]
[BlackElo "2007"]
[PlyCount "112"]
[EventDate "2024.08.28"]
[EventType "swiss"]
[EventRounds "9"]
[EventCountry "BOL"]
[SourceTitle "EXT 2025"]
[Source "ChessBase"]
[SourceDate "2024.10.14"]
[SourceVersion "1"]
[SourceVersionDate "2024.10.14"]
[SourceQuality "1"]

1. d4 Nf6 2. c4 e6 3. Nf3 b6 4. g3 Bb7 5. Bg2 Bb4+ 6. Nbd2 Be7 7. 0-0 0-0 8. b3 c5 9. Bb2 cxd4 10. Nxd4 Bxg2 11. Kxg2 Nc6 12. e4 Nxd4 13. Bxd4 d6 14. Qe2 Qc7 15. Rfd1 Rfd8 16. Rac1 Nd7 17. Nf3 Bf6 18. Bxf6 Nxf6 19. Nd4 a6 20. Rc2 Nd7 21. Rcd2 Rac8 22. f4 Nf8 23. Nf3 Rd7 24. h4 Qc5 25. Rd4 Rcd8 26. Qd2 Ng6 27. b4 Qc7 28. f5 Nf8 29. Rc1 e5 30. Rd5 f6 31. g4 Qb7 32. a4 Rc8 33. Qd3 Kh8 34. g5 Rc6 35. Nh2 a5 36. b5 Rc8 37. Ng4 Rcd8 38. Rg1 Rf7 39. Kh3 Qe7 40. Rd1 Qb7 41. Qe3 Qc7 42. Qe2 Qe7 43. Qd2 Qc7 44. gxf6 gxf6 45. Ne3 Rg7 46. Rxd6 Nd7 47. Rc6 Qb7 48. Ng4 Rdg8 49. Nh6 Rf8 50. Qd6 Qa8 51. Qd5 Qe8 52. Ng4 Rfg8 53. Rg1 h5 54. Rd6 hxg4+ 55. Kg3 Qe7 56. Re1 Nc5 0-1

[Event "South America-ch U20 19th"]
[Site "Santa Cruz de la Sierra"]
[Date "2024.08.29"]
[Round "3"]
[White "Claure Verastegui, Rene David"]
[Black "Laura Cabrera, Jhon Magno"]
[Result "1-0"]
[WhiteElo "2007"]
[BlackElo "1789"]
[PlyCount "67"]
[EventDate "2024.08.28"]
[EventType "swiss"]
[EventRounds "9"]
[EventCountry "BOL"]
[SourceTitle "EXT 2025"]
[Source "ChessBase"]
[SourceDate "2024.10.14"]
[SourceVersion "1"]
[SourceVersionDate "2024.10.14"]
[SourceQuality "1"]

1. e4 c6 2. d4 d5 3. Nc3 dxe4 4. Nxe4 Bf5 5. Ng3 Bg6 6. Nf3 Nd7 7. Nh4 e6 8. Nxg6 hxg6 9. Bc4 Ngf6 10. c3 Qc7 11. Qe2 0-0-0 12. Bg5 Bd6 13. Ne4 c5 14. Nxd6+ Qxd6 15. 0-0-0 Rxh2 16. dxc5 Nxc5 17. Rxd6 Rxh1+ 18. Kc2 Rxd6 19. Bf4 Rhd1 20. Bxd6 Rxd6 21. f3 Kd7 22. Qe3 b6 23. b4 Nb7 24. a4 a5 25. Qf4 Ke7 26. Ba6 Nd8 27. bxa5 bxa5 28. Bb5 Nb7 29. Qe3 Kd8 30. Qa7 Kc7 31. Ba6 Rb6 32. Bxb7 Rxb7 33. Qxa5+ Kc6 34. Qa8 1-0

[Event "Titled Tuesday intern op 13th Aug Late"]
[Site "Chess.com INT"]
[Date "2024.08.13"]
[Round "3"]
[White "Claure Verastegui, Rene David"]
[Black "Novak, Ratko"]
[Result "1-0"]
[WhiteElo "2007"]
[BlackElo "2034"]
[PlyCount "77"]
[EventDate "2024.08.13"]
[EventType "swiss (blitz)"]
[EventRounds "11"]
[EventCountry "USA"]
[SourceTitle "EXT 2025"]
[Source "ChessBase"]
[SourceDate "2024.10.14"]
[SourceVersion "1"]
[SourceVersionDate "2024.10.14"]
[SourceQuality "1"]

1. e4 d5 2. exd5 c6 3. Nc3 cxd5 4. d4 Nc6 5. Nf3 f6 6. Bb5 Bg4 7. Be3 a6 8. Ba4 b5 9. Bb3 e6 10. h3 Bh5 11. a3 Bd6 12. Ne2 Bxf3 13. gxf3 Nge7 14. c3 Ng6 15. h4 f5 16. Bg5 Qc7 17. Bc2 h6 18. Bd2 a5 19. Bd3 Rb8 20. Qc2 Nf4 21. Nxf4 Bxf4 22. Bxf4 Qxf4 23. Qe2 Kf7 24. Bxb5 Na7 25. Bd3 Rhe8 26. 0-0 Qxh4 27. b4 e5 28. dxe5 Re6 29. Bxf5 Qg5+ 30. Bg4 h5 31. Qe3 Rxe5 32. Qxa7+ Kg6 33. Qxb8 hxg4 34. f4 Qxf4 35. Qd6+ Kh7 36. Rae1 g3 37. Qxe5 gxf2+ 38. Rxf2 Qg3+ 39. Qxg3 1-0

[Event "Titled Tuesday intern op 13th Aug Late"]
[Site "Chess.com INT"]
[Date "2024.08.13"]
[Round "4"]
[White "Kalinin, Dmitry2"]
[Black "Claure Verastegui, Rene David"]
[Result "1-0"]
[WhiteElo "2121"]
[BlackElo "2007"]
[PlyCount "55"]
[EventDate "2024.08.13"]
[EventType "swiss (blitz)"]
[EventRounds "11"]
[EventCountry "USA"]
[SourceTitle "EXT 2025"]
[Source "ChessBase"]
[SourceDate "2024.10.14"]
[SourceVersion "1"]
[SourceVersionDate "2024.10.14"]
[SourceQuality "1"]

1. d4 Nf6 2. c4 c5 3. d5 e6 4. Nc3 exd5 5. cxd5 d6 6. e4 g6 7. Nf3 Bg7 8. Bf4 0-0 9. Bd3 Re8 10. 0-0 a6 11. a4 Bg4 12. Re1 Qb6 13. Rb1 Nbd7 14. h3 Bxf3 15. Qxf3 Ne5 16. Qd1 Nxd3 17. Qxd3 Nd7 18. Qc2 Re7 19. Bg5 f6 20. Be3 Rae8 21. b4 Qc7 22. bxc5 Nxc5 23. f3 f5 24. Bg5 Nxe4 25. Bxe7 Nxc3 26. Bh4 Ne2+ 27. Rxe2 Qxc2 28. Rxc2 1-0

[Event "American Continental 18th"]
[Site "Medellin"]
[Date "2024.06.02"]
[Round "11"]
[White "Ruiz Aguilar, Pablo Alexander"]
[Black "Claure Verastegui, Rene David"]
[Result "1/2-1/2"]
[WhiteElo "2163"]
[BlackElo "1919"]
[PlyCount "148"]
[EventDate "2024.05.24"]
[EventType "swiss"]
[EventRounds "11"]
[EventCountry "COL"]
[SourceTitle "CBM 220 Extra"]
[Source "ChessBase"]
[SourceDate "2024.07.31"]
[SourceVersion "1"]
[SourceVersionDate "2024.07.31"]
[SourceQuality "1"]

1. e4 c5 2. Nf3 d6 3. d4 cxd4 4. Nxd4 Nf6 5. Nc3 a6 6. h3 e5 7. Nde2 h5 8. Bg5 Be6 9. f4 Nbd7 10. f5 Bc4 11. Ng3 Bxf1 12. Nxf1 Qa5 13. Qf3 d5 14. exd5 e4 15. Qd1 Bb4 16. Bd2 Bxc3 17. Bxc3 Qxd5 18. Ne3 Qc6 19. Qd4 0-0-0 20. 0-0-0 Nb6 21. Qb4 Nfd5 22. Nxd5 Nxd5 23. Qxe4 Rhe8 24. Qh4 Nxc3 25. bxc3 Qxc3 26. Kb1 f6 27. Qa4 Kb8 28. Qb3 Qc5 29. g4 Ka7 30. Rhe1 hxg4 31. hxg4 Rd6 32. Rxe8 Rxd1+ 33. Kb2 Qd4+ 34. Ka3 Rg1 35. Qe3 Rxg4 36. Qxd4+ Rxd4 37. Re7 Rf4 38. Rxg7 Rxf5 39. Kb4 Kb6 40. Rf7 Kc6 41. Kc4 b6 42. Rf8 Rf4+ 43. Kd3 Kb5 44. Rb8 Rf3+ 45. Kd4 Ra3 46. Rf8 Rf3 47. Rb8 Rf4+ 48. Kd3 Ka5 49. c4 f5 50. Rf8 Rf3+ 51. Kd4 Rf1 52. Rf6 f4 53. Ke4 Rf2 54. Kd3 f3 55. Kd4 Rd2+ 56. Kc3 Rxa2 57. Kb3 Rf2 58. Rf5+ b5 59. cxb5 axb5 60. Rf6 Rf1 61. Kc3 f2 62. Kb2 Kb4 63. Rf4+ Kc5 64. Rf8 Kc4 65. Rc8+ Kb4 66. Rf8 Kc5 67. Rc8+ Kd6 68. Rf8 Ke6 69. Rf3 Ke5 70. Rf8 Kd4 71. Rd8+ Ke3 72. Re8+ Kd3 73. Rd8+ Kc4 74. Rc8+ Kb4 1/2-1/2

[Event "American Continental 18th"]
[Site "Medellin"]
[Date "2024.05.27"]
[Round "5"]
[White "Meza Galvan, Victor Andres"]
[Black "Claure Verastegui, Rene David"]
[Result "1-0"]
[WhiteElo "1707"]
[BlackElo "1919"]
[PlyCount "111"]
[EventDate "2024.05.24"]
[EventType "swiss"]
[EventRounds "11"]
[EventCountry "COL"]
[SourceTitle "CBM 220 Extra"]
[Source "ChessBase"]
[SourceDate "2024.07.31"]
[SourceVersion "1"]
[SourceVersionDate "2024.07.31"]
[SourceQuality "1"]

1. e4 c5 2. Nf3 d6 3. d4 cxd4 4. Nxd4 Nf6 5. Nc3 a6 6. Bd3 e5 7. Nde2 Be7 8. Be3 0-0 9. f3 Be6 10. 0-0 Nbd7 11. Qe1 Nc5 12. Rd1 Rc8 13. Ng3 Nxd3 14. cxd3 b5 15. a3 Qc7 16. d4 exd4 17. Bxd4 Rfe8 18. Qd2 Qb7 19. Qg5 h6 20. Qd2 Rc4 21. Be3 Rec8 22. Rc1 d5 23. exd5 Nxd5 24. Nxd5 Qxd5 25. Qxd5 Bxd5 26. Nf5 Bf6 27. Rcd1 Be6 28. Nd6 Bxb2 29. Nxc8 Rxc8 30. Rd6 Rc3 31. Bd4 Rd3 32. Bc5 Rb3 33. Rxa6 Kh7 34. Rd1 Bf6 35. Rb6 h5 36. Bb4 Bc4 37. Kf2 Rb2+ 38. Kg3 h4+ 39. Kh3 Be2 40. Rd2 Rxd2 41. Bxd2 Be5 42. f4 Bd4 43. Rb7 Kg6 44. Kxh4 Bf2+ 45. g3 Bd3 46. Re7 Bc5 47. Rc7 Bxa3 48. g4 Bc4 49. f5+ Kh7 50. Rb7 Bd6 51. Bc3 Bxh2 52. Kh5 Bf4 53. Rd7 Bg3 54. Re7 Bf4 55. g5 Bd3 56. Rxf7 1-0